000 00210nam a22001097a 4500
999 _c65145
_d65142
082 _a297.923GHU
100 _aGhulam
245 _aMuhammad the Holy prophet
260 _alahore
300 _a425p
942 _cBK